000 01393nam a2200337 i 4500
003 CO-BoRNBP
005 20250605105022.0
007 ta
008 210719r20112015ag a br 000 0dspa d
020 _a9789871217274
040 _aCO-BoRNBP
_bspa
_erda
_cCO-BoRNBP
041 0 _aspa
082 0 4 _a610.9
_bD21m
_222
100 1 _aDe Ambrosio, Martín
_d1977-
_eautor
_959776
245 1 3 _aLa medicina no fue siempre así
_cMartín De Ambrosio e Ileana Lotersztain ; ilustrado por Javier Basile
250 _aPrimera edición
_bPrimera reimpresión
264 1 _aBuenos Aires, Argentina
_bEdiciones Iamiqué
_c2011
_c2015
300 _a36 páginas
_bilustraciones a color
_c30 cm
336 _atexto
_btxt
_2rdacontent
337 _asin mediación
_bn
_2rdamedia
338 _avolumen
_bnc
_2rdacarrier
490 0 _aLas cosas no fueron siempre así
500 _aEl material de la dotación PNLB 2022, corresponde a la primera reimpresión de 2015
521 _aRecomendado para un público infantil mayor de 9 años
545 _aIncluye datos biográficos de los autores e ilustrador al final del texto
650 0 0 _aCiencias de la salud
_xHistoria
_xLiteratura infantil
_2LEMB
_959777
650 0 0 _aMedicina
_xHistoria
_xLiteratura infantil
_2LEMB
_959778
700 1 _aBasile, Javier
_d1969-
_eilustrador
_959779
700 1 _aLotersztain, Ileana
_d1972-
_eautora
_959780
942 _2ddc
_cBKINF
999 _c57183
_d57183